Statistics for Города Ставропольского края

Click here to take the quiz!

General Stats

  • This quiz has been taken 67 times
  • The average score is 8 of 19

Answer Stats

HintAnswer% Correct
550 147Ставрополь
100%
126 674Кисловодск
87%
144 955Пятигорск
85%
121 534Ессентуки
77%
69 569Минеральные Воды
70%
22 418Железноводск
47%
115 826Невинномысск
43%
57 121Будённовск
36%
62 036Георгиевск
36%
112 793Михайловск
34%
35 196Светлоград
26%
30 713Благодарный
21%
25 682Ипатово
21%
32 972Зеленокумск
19%
26 410Новоалександровск
19%
23 075Нефтекумск
19%
22 887Лермонтов
19%
38 177Изобильный
15%
20 595Новопавловск
13%

Score Distribution

Percentile by Number Answered

Percent of People with Each Score

Your Score History

You have not taken this quiz